Torah ethics and early Christian identity / (Registro nro. 15315)

Detalles MARC
000 -LEADER
campo de control de longitud fija 02480cam a22004214i 4500
003 - IDENTIFICADOR DE NÚMERO DE CONTROL
campo de control PE-LiUPU
005 - FECHA Y HORA DE LA ÚLTIMA TRANSACCIÓN
campo de control 20250731172906.0
008 - DATOS DE LONGITUD FIJA--INFORMACIÓN GENERAL
campo de control de longitud fija s rb 001 0 spa d
020 ## - NÚMERO INTERNACIONAL ESTÁNDAR DEL LIBRO
Número Internacional Estándar del Libro 0802873197
020 ## - NÚMERO INTERNACIONAL ESTÁNDAR DEL LIBRO
Número Internacional Estándar del Libro 9780802873194
035 ## - NÚMERO DE CONTROL DEL SISTEMA
Número de control de sistema (Sirsi) a166571
040 ## - FUENTE DE CATALOGACIÓN
Centro catalogador/agencia de origen PE-LiUPU
Lengua de catalogación spa
Centro/agencia transcriptor PE-LiUPU
Normas de descripción rda
049 ## - FONDOS LOCALES (OCLC)
Biblioteca depositaria PRUA
082 04 - NÚMERO DE LA CLASIFICACIÓN DECIMAL DEWEY
Número de clasificación 241.09
Cutter T72
Número de edición 23
245 00 - MENCIÓN DEL TÍTULO
Título Torah ethics and early Christian identity /
Mención de responsabilidad, etc. edited by Susan J. Wendel.
264 #1 - PRODUCCIÓN, PUBLICACIÓN, DISTRIBUCIÓN, FABRICACIÓN Y COPYRIGHT
Producción, publicación, distribución, fabricación y copyright Grand Rapids, Michigan :
Nombre del de productor, editor, distribuidor, fabricante William B. Eerdmans Publishing Company,
Fecha de producción, publicación, distribución, fabricación o copyright 2016.
300 ## - DESCRIPCIÓN FÍSICA
Extensión 271 páginas ;
Dimensiones 24 centimetros.
336 ## - TIPO DE CONTENIDO
Término de tipo de contenido text
Fuente rdacontent
337 ## - TIPO DE MEDIO
Nombre/término del tipo de medio unmediated
Fuente rdamedia
338 ## - TIPO DE SOPORTE
Nombre/término del tipo de soporte volume
Fuente rdacarrier
505 04 - NOTA DE CONTENIDO CON FORMATO
Nota de contenido con formato Torah ethics in early Judaism -- Entering a synagogue with Paul : first-century Torah observance, Anders Runesson -- The meaning and function of the law in Philo and Josephus /
Mención de responsabilidad John W. Martens -- Torah ethics and the New Testament -- Jesus, the eschatological perfection of Torah, and the imitation Dei in Matthew /
-- Wesley G. Olmstead --
Título Torah, Jesus, and the kingdom of God in the Gospel of Mark /
Mención de responsabilidad S. A. Cummins --
Título Reading law as prophecy : Torah ethics in Acts /
Mención de responsabilidad David M. Miller --
Título Reproach and revelation : ethics in John 11:1-44 /r Adele Reinhartz --
Información miscelánea The
Título law of the laws : James, wisdom, and the law /
Mención de responsabilidad Scot McKnight --
Título Questions about nomos, answers about Christos : Romans 10:4 in context /
Mención de responsabilidad Beverly Roberts Gaventa --
Título Paul, Abraham's Gentile "offspring," and the Torah /
Mención de responsabilidad Terence L. Donaldson --
Información miscelánea The
Título conversion of the imagination : Scripture and eschatology in 1 Corinthians /
Mención de responsabilidad Richard B. Hays --
Título Beyond the New Testament --
-- Torah obedience and early Christian ethical practices in Justin Martyr /
Mención de responsabilidad Susan J. Wendel --
Información miscelánea The
Título law, God, and the Logos : Clement and the Alexandrian tradition /
Mención de responsabilidad Peter Widdicombe --
Título Canonical Paul and the law /
Mención de responsabilidad Stephen Westerholm.
526 ## - NOTA DE INFORMACIÓN SOBRE EL PROGRAMA DE ESTUDIO
Nombre del programa Segunda Especialidad En Profecías Bíblicas
526 ## - NOTA DE INFORMACIÓN SOBRE EL PROGRAMA DE ESTUDIO
Nombre del programa Segunda Especialidad En Nuevo Testamento
526 ## - NOTA DE INFORMACIÓN SOBRE EL PROGRAMA DE ESTUDIO
Nombre del programa Segunda Especialidad En Antiguo Testamento
526 ## - NOTA DE INFORMACIÓN SOBRE EL PROGRAMA DE ESTUDIO
Nombre del programa Segunda Especialidad En Estudios Adventistas
526 ## - NOTA DE INFORMACIÓN SOBRE EL PROGRAMA DE ESTUDIO
Nombre del programa Doctorado en teología
526 ## - NOTA DE INFORMACIÓN SOBRE EL PROGRAMA DE ESTUDIO
Nombre del programa Maestría en teología histórica
526 ## - NOTA DE INFORMACIÓN SOBRE EL PROGRAMA DE ESTUDIO
Nombre del programa Maestría en teología bíblica
526 ## - NOTA DE INFORMACIÓN SOBRE EL PROGRAMA DE ESTUDIO
Nombre del programa Maestría en teología
526 ## - NOTA DE INFORMACIÓN SOBRE EL PROGRAMA DE ESTUDIO
Nombre del programa Maestría en misionología
526 ## - NOTA DE INFORMACIÓN SOBRE EL PROGRAMA DE ESTUDIO
Nombre del programa Maestría en liderazgo eclesiástico
526 ## - NOTA DE INFORMACIÓN SOBRE EL PROGRAMA DE ESTUDIO
Nombre del programa Teología
596 ## -
-- 1
650 04 - PUNTO DE ACCESO ADICIONAL DE MATERIA--TÉRMINO DE MATERIA
Término de materia o nombre geográfico como elemento de entrada Judaísmo.
9 (RLIN) 1492
942 ## - ELEMENTOS DE ENTRADA SECUNDARIOS (KOHA)
Fuente del sistema de clasificación o colocación Clasificación Decimal Dewey
Tipo de ítem Koha
999 ## - NÚMEROS DE CONTROL DE SISTEMA (KOHA)
-- LC
-- 75291
-- 2021-11-10
-- 6
-- CCODEBUL1
-- BUL
-- 22.72
-- 0
-- Y
-- BOOK
-- 2017-1-26
-- TEOLOGIA
-- P35
-- COMPRA
-- .STAFF. Colección Teología
980 ## - EQUIVALENCIA O REFERENCIA-CRUZADA-MENCIÓN DE SERIE--NOMBRE DE PERSONA/TÍTULO [LOCAL, CANADÁ]
ID del último usuario que modificó el registro 1
Nombre del último usuario que modificó el registro ALBERTO SANCHEZ Responsable de Automatización
Existencias
Visto por última vez Número de inventario Total de préstamos Signatura topográfica completa Código de barras Copia número Coste, precio de reemplazo Fecha de reemplazo Facultad Tipo de ítem Koha Nota pública Estado de pérdida Fuente del sistema de clasificación o colocación Restricciones de uso No para préstamo Colección Programa académico Biblioteca de origen Biblioteca actual Ubicación en estantería Fecha de adquisición Fuente de adquisición Coste, precio normal de compra
2025-12-03 7   241.09 T72 75291 e1 27.72 2017-01-26   Libros físicos inventario-2023-12-13 No Perdido Clasificación Decimal Dewey No restringido Disponible para préstamos Colección General Teología Biblioteca CRAI UPeU Lima Biblioteca CRAI UPeU Lima Sala principal 2017-01-26 COMPRA 22.72